00966nam a2200265Ia 4500003000400000005001700004008004100021020001500062040001800077041000800095082002000103100003000123245012200153250001200275260004400287300002900331650004600360650003000406650003200436700002900468700003100497942002900528999001900557952012400576OSt20260317111910.0210716s2002 xx 000 0 und d a8178083477 cAIMIT LIBRARY aeng a511.3 22bHOPJ aHopcroft, John E.9258794 aIntroduction to automata theory languages and computation /cBy John E Hopcroft, Rajeev Motwani and Jeffrey D Ullman. a2nd ed. aNew Delhi :bPearson Education ,c2002. axiv,521p. ;bPBc24.5 cm aRegular expressions and languages9258795 aPushdown automata9258796 aIntratable problems9258797 aMotwani, Rajeev.9258798 aUllman, Jeffrey D.9258799 2ddccBKe1stk511.3 HOPJ c184967d184967 001040708MCAaAIMITbAIMITd2021-07-16g295.00l0o511.3 HOPJpMCA04475r2026-05-23 00:00:00v295.00w2021-07-16yBK